|
|
|
|
| LEADER |
00000nam2a2200000 4500 |
| 001 |
304370 |
| 005 |
20231102001708.0 |
| 035 |
|
|
|a (RuTPU)RU\TPU\book\329617
|
| 035 |
|
|
|a RU\TPU\book\316207
|
| 090 |
|
|
|a 304370
|
| 100 |
|
|
|a 20150914d1983 m y0rusy50 ca
|
| 101 |
0 |
|
|a rus
|
| 102 |
|
|
|a UA
|
| 105 |
|
|
|a a z 001zy
|
| 200 |
0 |
|
|a Вып. 20
|
| 210 |
|
|
|d 1983
|
| 215 |
|
|
|a 123 с.
|c ил.
|
| 320 |
|
|
|a Библиография в конце статей
|
| 461 |
|
1 |
|0 (RuTPU)RU\TPU\book\315857
|t Радиоэлектроника
|o [сборник статей]
|f Киевский политехнический институт (КПИ)
|v Вып. 20
|d 1964-1983
|s Вестник Киевского политехнического института
|
| 606 |
1 |
|
|a Радиоэлектроника
|2 stltpush
|3 (RuTPU)RU\TPU\subj\69507
|9 84342
|
| 610 |
1 |
|
|a электронные схемы
|
| 610 |
1 |
|
|a анализ
|
| 610 |
1 |
|
|a синтез
|
| 610 |
1 |
|
|a информация
|
| 610 |
1 |
|
|a преобразование
|
| 610 |
1 |
|
|a твердые тела
|
| 610 |
1 |
|
|a электрофизические свойства
|
| 610 |
1 |
|
|a электронная техника
|
| 610 |
1 |
|
|a применение
|
| 610 |
1 |
|
|a операционные усилители
|
| 610 |
1 |
|
|a вводно-выводные устройства
|
| 610 |
1 |
|
|a графическая информация
|
| 610 |
1 |
|
|a импульсные преобразователи
|
| 610 |
1 |
|
|a биполярные транзисторы
|
| 610 |
1 |
|
|a газоразрядные приборы
|
| 675 |
|
|
|a 621.37/.39
|v 4
|
| 801 |
|
1 |
|a RU
|b 63413507
|c 20150415
|
| 801 |
|
2 |
|a RU
|b 63413507
|c 20190710
|g RCR
|
| 942 |
|
|
|c BK
|